Mejoramiento del transito de la radial La Uruca
Sparad:
| Huvudupphovsman: | |
|---|---|
| Materialtyp: | Okänd |
| Publicerad: |
[San José, Costa Rica]
1980
|
| Ämnen: | |
| Taggar: |
Lägg till en tagg
Inga taggar, Lägg till första taggen!
|
MARC
| LEADER | 00000 a2200000 4500 | ||
|---|---|---|---|
| 003 | 000805 | ||
| 005 | 20221231143739.0 | ||
| 008 | 140114s1980 cr a m 000 ||s d | ||
| 040 | |c cru CEDI | ||
| 090 | |a TFG 926 | ||
| 100 | |a Mora Abarca, Patricia |9 16032 | ||
| 245 | |a Mejoramiento del transito de la radial La Uruca | ||
| 260 | |c 1980 |a [San José, Costa Rica] | ||
| 300 | |a [114] hojas : ilustraciones (algunas plegables) ; 28 cm | ||
| 500 | |a Tesis (ingeniero civil)--Universidad de Costa Rica. | ||
| 650 | |x CARRETERA RADIAL LA URUCA |x INGENIERIA DEL TRANSITO - COSTA RICA |9 16033 | ||
| 942 | |c TFG | ||
| 999 | |c 11202 |d 11202 | ||
